<?xml version="1.0" encoding="UTF-8"?>
<collection xmlns="http://www.loc.gov/MARC21/slim">
 <record>
  <leader>01701nam a2200217Ia 4500</leader>
  <controlfield tag="001">TDMU_40930</controlfield>
  <controlfield tag="008">210410s9999    xx            000 0 und d</controlfield>
  <datafield tag="082" ind1=" " ind2=" ">
   <subfield code="a">758.4</subfield>
  </datafield>
  <datafield tag="090" ind1=" " ind2=" ">
   <subfield code="b">H450</subfield>
  </datafield>
  <datafield tag="100" ind1=" " ind2=" ">
   <subfield code="a">Hồ, Sơn Điệp</subfield>
  </datafield>
  <datafield tag="245" ind1=" " ind2="0">
   <subfield code="a">Tiểu đoàn Nữ biệt động Lê Thị Riêng trong Tổng tấn công và Nổi dậy Tết Mậu Thân 1968</subfield>
  </datafield>
  <datafield tag="245" ind1=" " ind2="0">
   <subfield code="c">Hồ Sơn Điệp, Nguyễn Đình Thống (ch.b.), Trần Thuận và [nh.ng. khác]</subfield>
  </datafield>
  <datafield tag="260" ind1=" " ind2=" ">
   <subfield code="a">Tp. Hồ Chí Minh</subfield>
  </datafield>
  <datafield tag="260" ind1=" " ind2=" ">
   <subfield code="b">Đại học Quốc gia Tp. Hồ Chí Minh</subfield>
  </datafield>
  <datafield tag="260" ind1=" " ind2=" ">
   <subfield code="c">2019</subfield>
  </datafield>
  <datafield tag="300" ind1=" " ind2=" ">
   <subfield code="a">351tr.</subfield>
  </datafield>
  <datafield tag="520" ind1=" " ind2=" ">
   <subfield code="a">Giới thiệu về yêu cầu lịch sử và sự ra đời của Tiểu đoàn Nữ biệt động Lê Thị Riêng; quá trình tiểu đoàn phát triển lực lượng, xây dựng địa bàn đứng chân, chuẩn bị tiềm lực, vật lực phục vụ chiến đấu; mục tiêu, nhiệm vụ chiến đấu và thế trận trước &quot;giờ G&quot; cùng các hoạt động chiến đấu, chiến công; công tác của cán bộ, chiến sĩ Tiểu đoàn giai đoạn hậu chiến cung một số ý kiến trái chiều có hay không về tiểu đoàn</subfield>
  </datafield>
  <datafield tag="650" ind1=" " ind2=" ">
   <subfield code="a">Lịch sử</subfield>
   <subfield code="x">Kháng chiến chống Mỹ</subfield>
   <subfield code="x">Tiểu đoàn</subfield>
   <subfield code="x">Phụ nữ</subfield>
   <subfield code="x">Tiểu đoàn Nữ biệt động Lê Thị Riêng</subfield>
   <subfield code="z">Việt Nam</subfield>
  </datafield>
  <datafield tag="700" ind1=" " ind2=" ">
   <subfield code="a">Nguyễn, Đình Thống</subfield>
  </datafield>
  <datafield tag="856" ind1=" " ind2=" ">
   <subfield code="u">http://lrc.tdmu.edu.vn/opac/search/detail.asp?aID=2&amp;ID=40930</subfield>
  </datafield>
  <datafield tag="980" ind1=" " ind2=" ">
   <subfield code="a">Trung tâm Học liệu Trường Đại học Thủ Dầu Một</subfield>
  </datafield>
 </record>
</collection>
